000 00780nam a2200145Ia 4500
008 100122s9999 xx 000 0 und d
082 _b67577
_a820.9
100 _aनिरंतर ग भा
245 _aमराठी वाडमयाचा प्रश्नोत्तररूपी इतिहास भाग 2 ( क.क्र.9/3 )
260 _bमॉडर्न बुक डेपो प्रकाशन
_c1972
300 _a200
630 _aमराठी वाडमयाचा प्रश्नोत्तररूपी इतिहास भाग 2 ( क.क्र.9/3 )
730 _aमराठी वाडमयाचा प्रश्नोत्तररूपी इतिहास भाग 2 ( क.क्र.9/3 )
942 _cBOOK
999 _c439541
_d439538